| 000 | 00854nam a2200277 i 4500 | ||
|---|---|---|---|
| 003 | DO-SdBNP | ||
| 005 | 20250626103706.0 | ||
| 007 | ta | ||
| 008 | 210922e1987 a|||d |||| 001 0 spa d | ||
| 040 |
_aDO-SdBNP _bspa _cBNPHU _erda |
||
| 041 | _aspa | ||
| 082 | 4 |
_a512.9 _bM314a _222 |
|
| 100 |
_aMarcelo, Nidia _eautor _4aut. _91256 |
||
| 245 | 1 | 0 |
_aÁlgebra elemental 1 : _bprimero de bachillerato / _cNidia Marcelo |
| 264 | 1 |
_aSanto Domingo : _bSusaeta, _c1987. |
|
| 300 |
_a184 páginas : _bilustraciones : _c25 cm. |
||
| 336 |
_atexto _btxt _2rdacontent |
||
| 337 |
_asin mediación _bn _2rdamedia |
||
| 338 |
_avolumen _bnc _2rdacarrier |
||
| 500 | _aLibro de texto. | ||
| 590 | _aInventariado, 2021 / SA | ||
| 650 | 0 |
_aÁlgebra _xEstudio y enseñanza. _925976 |
|
| 650 | 4 |
_aÁlgebra _xLibros de texto. _925976 |
|
| 910 | _aSaquino | ||
| 942 |
_2ddc _cLBS1 |
||
| 999 |
_c50639 _d50639 |
||